01018nam a22002777a 4500003000500000005001700005008004100022010001000063011001000073035001100083040000900094100001700103245013500120260004900255300005400304490006700358500009900425650001600524650002800540650002100568650002000589650002100609700002100630700002200651830006700673CHAP20220329143227.0070427d2003 us ad r 00110 spa d a93568 a94540 a105133 cCHAP1 aRaney, Laura10a¿Cuánto cuesta mejorar la calidad de la atención en salud reproductiva?c/por Laura Raney, Stephanie Joyce y John W. Townsend aWashington, DC :bPopulation Council,cc2003 a7 p. :bilus. ; tablas ; cuad. ; + bibliográfia 0aNuevas perspectivas sobre la calidad de la atenciónv; No. 5 aLas referencias bibliográficas se proporcionan en una publicación aparte, (Folleto 17218).14aAtención.14aCalidadxControl de la.14aCalidadxCostos.14aReproducción.14aSalud pública.1 aJoyce, Stephanie1 aTownsend, John W.0 aNuevas perspectivas sobre la calidad de la atenciónv; No. 5